|
|
|
|
| LEADER |
01018nam a22002892a 4500 |
| 001 |
000457272 |
| 003 |
CZ BrMZK |
| 005 |
20111115082513.0 |
| 007 |
ta |
| 008 |
990307s1980 xo f slo d |
| 040 |
|
|
|a BOA001
|b cze
|
| 080 |
9 |
|
|a 615.782(0.062)
|
| 100 |
1 |
|
|a Janík, Alojz,
|d 1926-2002
|7 jk01050953
|4 aut
|
| 245 |
1 |
0 |
|a Psychofarmaká - kedy áno, kedy nie /
|c Alojz Janík, Eva Radějová
|
| 250 |
|
|
|a 1. vyd.
|
| 260 |
|
|
|a Bratislava :
|b Obzor,
|c 1980
|
| 300 |
|
|
|a 196 s.
|
| 490 |
1 |
|
|a Malá moderná encyklopédia
|
| 700 |
1 |
|
|a Radějová, Eva
|
| 830 |
|
0 |
|a Malá moderná encyklopédia
|
| 910 |
|
|
|a BOA001
|b PK-0087.756
|b 2-0817.197
|
| 920 |
|
|
|a 000187340
|
| 964 |
|
|
|a Psychofarmaka - účinky - výklady populární
|
| 964 |
|
|
|a Psychofarmaka - vývoj - výklady populární
|
| 990 |
|
|
|a BK
|
| 996 |
7 |
|
|b 2619941763
|c 2-0817.197
|l MZK
|r Sklad / do 1 hodiny
|n 11
|w 000457272
|u 000020
|a 1
|e BOA001
|j MZK50
|s A
|
| 996 |
7 |
|
|b 3119835427
|c PK-0087.756
|l MZK
|r Sklad / do 1 hodiny
|n 4
|w 000457272
|u 000010
|a 1
|e BOA001
|j MZK50
|s A
|